National Assembly Library of Thailand

The Future of Political Community (ระเบียนเลขที่ 60998)

รายละเอียดในรูปแบบ MARC
000 -LEADER
fixed length control field 00728nam a22002537a 4500
005 - DATE AND TIME OF LATEST TRANSACTION
control field 20210325204505.0
008 - FIXED-LENGTH DATA ELEMENTS--GENERAL INFORMATION
fixed length control field s2009 eng d
020 ## - INTERNATIONAL STANDARD BOOK NUMBER
International Standard Book Number 9780415468206
041 ## - LANGUAGE CODE
Language code of text/sound track or separate title eng
050 ## - LIBRARY OF CONGRESS CALL NUMBER
Classification number JC423 F97
Item number 2009
100 0# - MAIN ENTRY--PERSONAL NAME
Personal name Bartelson, Jen, ed.
245 10 - TITLE STATEMENT
Title The Future of Political Community
260 3# - PUBLICATION, DISTRIBUTION, ETC.
Place of publication, distribution, etc. London :
Name of publisher, distributor, etc. Routledge,
Date of publication, distribution, etc. 2009
300 ## - PHYSICAL DESCRIPTION
Extent 214 p ;
Other physical details 24 cm
650 04 - SUBJECT ADDED ENTRY--TOPICAL TERM
Topical term or geographic name entry element Internationalism
650 04 - SUBJECT ADDED ENTRY--TOPICAL TERM
Topical term or geographic name entry element Sovereignty
650 04 - SUBJECT ADDED ENTRY--TOPICAL TERM
Topical term or geographic name entry element Citizenship
650 04 - SUBJECT ADDED ENTRY--TOPICAL TERM
Topical term or geographic name entry element Democracy
850 ## - HOLDING INSTITUTION
Holding institution NALT
942 ## - ADDED ENTRY ELEMENTS (KOHA)
Koha item type General Book
997 ## -
-- 8923
997 ## -
-- 000000000060998
998 ## - LOCAL CONTROL INFORMATION (RLIN)
-- นางสาวสุพันดา สุภาพ

ไม่มีตัวเล่มให้บริการ

หอสมุดรัฐสภา
สำนักงานเลขาธิการสภาผู้แทนราษฎร เลขที่ 1111 ถนนสามเสน แขวงถนนนครไชยศรี เขตดุสิต กรุงเทพฯ 10300
The Secretariat of the House of Representatives 1111 Samsen Road, Thanon Nakhon Chai Si, Dusit, Bangkok 10300, THAILAND
โทรศัพท์: +66(0) 2242 5900 ต่อ 5714-5 โทรสาร: +66(0) 2242 5990 อีเมล: [email protected]